000 00647nam a2200193 i 4500
001 131533
003 ES-MaACL
005 20230906194012.0
007 t|
008 070214s1952 sp r ||||1| spa d
080 _a396(46:8.03)
100 1 _aRodríguez-Fornos, Consuelo.
_998524
245 1 3 _aEl mensaje de Isabel de España :
_bla cultura, la mujer y la Hispanidad /
_cConsuelo Rodríguez-Fornos de Zabala.
260 _aValencia :
_bCultura Femenina,
_c1952.
300 _a73 p. ;
_c26 cm.
600 0 4 _aIsabel
_bI,
_cReina de Castilla.
_9175419
650 4 _aMujeres-
_xSituación social-
_yS.XX.
_9167814
852 4 _aES-MaACL
_j1944-F-29
999 _c131533
_d131533